[Event "FIDE World Bl Team Pool C"]
[Site "Almaty KAZ"]
[Date "2024.08.05"]
[Round "2.1"]
[White "Zhuravlev, Viktor"]
[Black "Ding, Liren"]
[Result "0-1"]
[BlackTitle "GM"]
[WhiteElo "1998"]
[BlackElo "2745"]
[WhiteTeam "ChessStar 2"]
[BlackTeam "Decade China Team"]
[WhiteFideId "13702726"]
[BlackFideId "8603677"]
[EventDate "2024.08.05"]

1. d4 Nf6 2. Nf3 e6 3. e3 c5 4. Bd3 d5 5. b3 Nbd7 6. Nbd2 b6 7. O-O Bb7 8. Ne5
Bd6 9. f4 O-O 10. Bb2 Rc8 11. Qe2 Rc7 12. c3 Qe7 13. Rae1 Rd8 14. Rf3 Ne4 15.
Rh3 Ndf6 16. Nf1 Rdc8 17. g4 Nd7 18. g5 Nf8 19. Ng3 cxd4 20. cxd4 Bxe5 21. dxe5
g6 22. Nh1 Qb4 23. Nf2 Nxf2 24. Qxf2 d4 25. Bxd4 Rc1 26. Rf1 Rxf1+ 27. Bxf1 Rc1
28. Qe2 Qa5 29. Kf2 Qd5 30. Rg3 Qe4 31. Bg2 Qb1 32. Bxb7 Rc2 33. Ba6 Qxa2 34.
Bd3 Rxe2+ 35. Bxe2 Qxb3 0-1

[Event "FIDE World Bl Team Pool C"]
[Site "Almaty KAZ"]
[Date "2024.08.05"]
[Round "2.9"]
[White "Lysakov, Anton"]
[Black "Yakubboev, Nodirbek"]
[Result "0-1"]
[BlackTitle "GM"]
[WhiteElo "1947"]
[BlackElo "2655"]
[WhiteTeam "Chess Dream"]
[BlackTeam "Royal Chess"]
[WhiteFideId "4193750"]
[BlackFideId "14203987"]
[EventDate "2024.08.05"]

1. e4 c5 2. Nf3 d6 3. Bb5+ Nd7 4. O-O Nf6 5. Re1 a6 6. Bf1 b6 7. e5 dxe5 8. Nxe5
Nxe5 9. Rxe5 e6 10. Re1 Bd6 11. c3 Bb7 12. g3 h5 13. h4 Qc7 14. Bg2 Ng4 15. d3
Bxg3 16. fxg3 Qxg3 17. Qe2 Bxg2 0-1

[Event "FIDE World Bl Team Pool C"]
[Site "Almaty KAZ"]
[Date "2024.08.05"]
[Round "2.24"]
[White "Gein, Dmitriy"]
[Black "Musauly, Nurali"]
[Result "0-1"]
[WhiteElo "1723"]
[BlackElo "1816"]
[WhiteTeam "Chess Ratel"]
[BlackTeam "FIDE Management Board"]
[WhiteFideId "13781022"]
[BlackFideId "447000678"]
[EventDate "2024.08.05"]

1. c4 e6 2. Nc3 d5 3. d4 Nf6 4. Nf3 Be7 5. cxd5 exd5 6. Bg5 h6 7. Bh4 c6 8. e3
O-O 9. Bd3 Re8 10. O-O Ne4 11. Bxe7 Qxe7 12. Nd2 Nxd2 13. Qxd2 Nd7 14. Rfe1 Nf6
15. f3 Be6 16. e4 Qd8 17. e5 Nd7 18. f4 Nf8 19. f5 Bd7 20. f6 Ne6 21. fxg7 Qg5
22. Qf2 Kxg7 23. Re3 Qf4 24. Rg3+ Kh8 25. Qxf4 Nxf4 26. Rf1 Nxd3 27. Rxd3 Be6
28. Na4 b6 29. Rc3 Rac8 30. Rfc1 Bd7 31. b3 Re6 32. Nb2 Rg6 33. Nd3 Rcg8 34. Nf4
Rg4 35. Rf1 R8g7 36. Rc2 Bf5 37. Rxc6 Be4 38. Rf2 Kh7 39. Rc3 h5 40. Nxh5 Rxg2+
41. Rxg2 Rxg2+ 42. Kf1 Rxa2 43. Nf6+ 0-1

[Event "FIDE World Bl Team Pool C"]
[Site "Almaty KAZ"]
[Date "2024.08.05"]
[Round "3.2"]
[White "Al-Mudahka, Mohd"]
[Black "Yu, Yangyi"]
[Result "1/2-1/2"]
[WhiteTitle "GM"]
[BlackTitle "GM"]
[WhiteElo "2542"]
[BlackElo "2703"]
[WhiteTeam "FIDE Management Board"]
[BlackTeam "Decade China Team"]
[WhiteFideId "12100030"]
[BlackFideId "8603820"]
[EventDate "2024.08.05"]

1. e4 c5 2. Nc3 e6 3. Nf3 a6 4. d4 cxd4 5. Nxd4 Qc7 6. g3 Bb4 7. Ne2 Nf6 8. Bg2
O-O 9. O-O Nc6 10. Bf4 Qa5 11. a3 Be7 12. Bd6 Bxd6 13. Qxd6 Ne8 14. Qd2 Nf6 15.
Qd6 Rd8 16. Rad1 Qe5 17. f4 Qxd6 18. Rxd6 Ne8 19. Rd2 d6 20. Rfd1 Rb8 21. Nd4
Bd7 22. Nxc6 Bxc6 23. e5 Bxg2 24. Kxg2 d5 25. Ne2 Rbc8 26. Nd4 Rc4 27. c3 g6 28.
g4 Ng7 29. Kg3 Kf8 30. Rf1 Re8 31. Rdf2 Kg8 32. f5 exf5 33. gxf5 Rxe5 34. fxg6
Rg5+ 35. Kh4 Rh5+ 36. Kg3 hxg6 37. Rxf7 Nf5+ 38. Nxf5 Kxf7 39. Ne3+ Ke6 40. Nxc4
dxc4 41. Rf4 Rb5 42. Rxc4 Rxb2 43. a4 Rb3 44. Kg4 Kf6 45. h4 Ra3 46. Kf4 Ra1 47.
Kg4 Rg1+ 48. Kf3 Ra1 49. Kg4 Rg1+ 50. Kf3 Rb1 51. Kg4 Rb2 52. Rc7 Rg2+ 53. Kf3
Ra2 54. Rxb7 Rxa4 55. Kg3 Ra3 56. Kg4 Ra4+ 57. Kg3 a5 58. Rb6+ Kg7 59. Ra6 Kh6
60. c4 Kh5 61. c5 Ra3+ 62. Kf2 Ra2+ 63. Kg3 1/2-1/2

[Event "FIDE World Bl Team Pool C"]
[Site "Almaty KAZ"]
[Date "2024.08.05"]
[Round "3.4"]
[White "Nakhbayeva, Guliskhan"]
[Black "Ju, Wenjun"]
[Result "0-1"]
[WhiteTitle "IM"]
[BlackTitle "GM"]
[WhiteElo "2326"]
[BlackElo "2563"]
[WhiteTeam "FIDE Management Board"]
[BlackTeam "Decade China Team"]
[WhiteFideId "13704788"]
[BlackFideId "8603006"]
[EventDate "2024.08.05"]

1. d4 Nf6 2. c4 e6 3. Nc3 Bb4 4. e3 O-O 5. Bd3 d5 6. Ne2 c5 7. O-O cxd4 8. exd4
dxc4 9. Bxc4 Nbd7 10. Bg5 h6 11. Bh4 Be7 12. Rc1 Nb6 13. Bb3 Bd7 14. Re1 Bc6 15.
Qd3 Nfd5 16. Bxe7 Qxe7 17. a3 Rfd8 18. Ne4 Nf6 19. Nc5 Bd5 20. Rcd1 Bxb3 21.
Qxb3 Rd6 22. a4 Rb8 23. Nc3 a6 24. a5 Nbd5 25. N3a4 Qc7 26. Rc1 Rc6 27. Nd3 Rxc1
28. Rxc1 Qxa5 29. Nac5 Qb5 30. Qd1 b6 31. Na4 Rd8 32. h3 Nb4 33. Nxb4 Qxb4 34.
Nc3 Qxb2 35. Na4 Qxd4 36. Qxd4 Rxd4 37. Nxb6 Rb4 38. Rc8+ Kh7 39. Nc4 Rb1+ 40.
Kh2 Rc1 41. Kg3 a5 42. Rc7 a4 0-1

[Event "FIDE World Bl Team Pool C"]
[Site "Almaty KAZ"]
[Date "2024.08.05"]
[Round "3.5"]
[White "Xu, Xiangyu"]
[Black "Turlej, Lukasz"]
[Result "1-0"]
[WhiteTitle "GM"]
[WhiteElo "2628"]
[BlackElo "2105"]
[WhiteTeam "Decade China Team"]
[BlackTeam "FIDE Management Board"]
[WhiteFideId "8608288"]
[BlackFideId "1125680"]
[EventDate "2024.08.05"]

1. d4 Nf6 2. c4 e6 3. g3 Bb4+ 4. Nd2 d5 5. Bg2 c6 6. Qc2 O-O 7. Nf3 Nbd7 8. O-O
Re8 9. e4 dxe4 10. Nxe4 Nxe4 11. Qxe4 Nf6 12. Qc2 Qc7 13. c5 Qe7 14. Qa4 Nd5 15.
Ne5 Bxc5 16. dxc5 Qxc5 17. Bd2 Qd6 18. Rfe1 b5 19. Qc2 Bb7 20. Rac1 Rac8 21. Qc5
Qb8 22. h4 h6 23. h5 a5 24. Bxa5 Qa8 25. b4 Nf6 26. Rcd1 Rf8 27. Nd7 Nxd7 28.
Rxd7 Rce8 29. Qb6 Rb8 30. Qc7 1-0

[Event "FIDE World Bl Team Pool C"]
[Site "Almaty KAZ"]
[Date "2024.08.05"]
[Round "3.10"]
[White "Minnekhanov, Eldar"]
[Black "Assylov, Miras"]
[Result "0-1"]
[BlackTitle "FM"]
[WhiteElo "1750"]
[BlackElo "2300"]
[WhiteTeam "Chess Dream"]
[BlackTeam "GMs Kazahhstan"]
[WhiteFideId "13705660"]
[BlackFideId "13728873"]
[EventDate "2024.08.05"]

1. e4 c5 2. Nf3 d6 3. d4 cxd4 4. Nxd4 Nf6 5. Nc3 Nc6 6. Bc4 e6 7. Bb3 Be7 8. O-O
O-O 9. f4 a6 10. Be3 Bd7 11. f5 e5 12. Nxc6 bxc6 13. Kh1 Rb8 14. Bg5 Bc8 15. Qd3
h6 16. Bh4 Rb4 17. Bxf6 Bxf6 18. Ne2 Qe7 19. Rad1 Rd8 20. a3 Rb8 21. Ng3 a5 22.
Nh5 Bb7 23. Rf3 d5 24. exd5 e4 25. Nxf6+ Qxf6 26. Qxe4 cxd5 27. Bxd5 Bxd5 28.
Rxd5 Re8 29. Qf4 Rxb2 30. h3 Rxc2 31. Re3 Rec8 32. Rd7 Rc1+ 33. Kh2 R8c2 34.
Re8+ Kh7 35. Rdd8 g5 36. Rh8+ Qxh8 37. Rxh8+ Kxh8 38. Qe4 Rc6 39. Qe5+ Kg8 40.
f6 Kh7 41. Qe8 Kg6 42. Qe5 R1c5 43. Qd4 h5 44. a4 h4 45. Kg1 Rf5 46. Qd2 Rcxf6
47. Qd3 Re6 48. Kh2 Rb6 49. Qe4 Rb4 50. Qd3 Rf4 51. Qc2 Rd4 52. Qc6+ Rf6 53.
Qc2+ Kg7 54. Qc3 Rd5 55. Qe1 0-1

[Event "FIDE World Bl Team Pool C"]
[Site "Almaty KAZ"]
[Date "2024.08.05"]
[Round "4.14"]
[White "Vokhidov, Shamsiddin"]
[Black "Zhu, Chen"]
[Result "1-0"]
[WhiteTitle "GM"]
[BlackTitle "GM"]
[WhiteElo "2643"]
[BlackElo "2423"]
[WhiteTeam "Royal Chess"]
[BlackTeam "FIDE Management Board"]
[WhiteFideId "14204223"]
[BlackFideId "8600546"]
[EventDate "2024.08.05"]

1. e4 c5 2. Nf3 d6 3. Bb5+ Nd7 4. a4 Nf6 5. Nc3 g6 6. a5 Bg7 7. O-O O-O 8. Re1
Ne5 9. Nxe5 dxe5 10. d3 Be6 11. Be3 a6 12. Bc4 Bxc4 13. dxc4 Nd7 14. Re2 Qc8 15.
Rd2 Nf6 16. Nd5 Nxd5 17. Rxd5 Rd8 18. Bxc5 e6 19. Rxd8+ Qxd8 20. Qe2 Rc8 21. Bb6
Qe7 22. Rd1 Qb4 23. b3 Bf8 24. Qd2 Qxd2 25. Rxd2 Bc5 26. Rd7 Bxb6 27. axb6 Rb8
28. b4 h5 29. c5 Kg7 30. c4 h4 31. Kf1 g5 32. Ke2 g4 33. h3 gxh3 34. gxh3 Kg6
35. b5 axb5 36. cxb5 Rc8 37. c6 bxc6 38. b7 1-0

[Event "FIDE World Bl Team Pool C"]
[Site "Almaty KAZ"]
[Date "2024.08.05"]
[Round "6.4"]
[White "Ju, Wenjun"]
[Black "Abdsattar, Alisher"]
[Result "0-1"]
[WhiteTitle "GM"]
[BlackTitle "CM"]
[WhiteElo "2563"]
[BlackElo "2025"]
[WhiteTeam "Decade China Team"]
[BlackTeam "Chess Ratel"]
[WhiteFideId "8603006"]
[BlackFideId "13749358"]
[EventDate "2024.08.05"]

1. Nf3 Nf6 2. g3 g6 3. Bg2 Bg7 4. c4 O-O 5. d4 c5 6. Nc3 cxd4 7. Nxd4 Qc7 8. b3
d5 9. O-O dxc4 10. Ndb5 Qa5 11. b4 Qxb4 12. Ba3 Qa5 13. Bxe7 Re8 14. Bd6 Rd8 15.
Qc2 Na6 16. Rad1 Bf5 17. e4 Bg4 18. f3 Be6 19. e5 Ne8 20. f4 Nb4 21. Bxb4 Qxb4
22. Nd4 Bg4 23. Rd2 Qb6 24. Nd5 Qc5 25. h3 Be6 26. f5 Bxd5 27. Bxd5 Rxd5 28. f6
Rxd4 29. Rxd4 Qxd4+ 30. Kh2 Bf8 0-1

[Event "FIDE World Bl Team Pool C"]
[Site "Almaty KAZ"]
[Date "2024.08.05"]
[Round "6.5"]
[White "Momyn, Madina"]
[Black "Xu, Xiangyu"]
[Result "0-1"]
[BlackTitle "GM"]
[WhiteElo "1733"]
[BlackElo "2628"]
[WhiteTeam "Chess Ratel"]
[BlackTeam "Decade China Team"]
[WhiteFideId "13748866"]
[BlackFideId "8608288"]
[EventDate "2024.08.05"]

1. d4 Nf6 2. g3 d5 3. Bg2 c6 4. Nf3 h6 5. O-O Bf5 6. c4 e6 7. Nc3 Nbd7 8. Nd2
Be7 9. e4 dxe4 10. Ndxe4 Nxe4 11. Nxe4 Nf6 12. Nc3 O-O 13. Qb3 Qb6 14. Qxb6 axb6
15. h3 Bd3 16. Rd1 Bxc4 17. Be3 Rfd8 18. d5 Nxd5 19. Nxd5 Bxd5 20. Bxb6 Rdc8 21.
b3 Ra3 22. Rac1 Rca8 23. Bxd5 exd5 24. Re1 Bb4 25. Re5 Rxa2 26. Bd4 Rd2 27. Be3
Rb2 28. Rf5 0-1

[Event "FIDE World Bl Team Pool C"]
[Site "Almaty KAZ"]
[Date "2024.08.05"]
[Round "7.3"]
[White "Yu, Yangyi"]
[Black "Lysakov, Anton"]
[Result "1-0"]
[WhiteTitle "GM"]
[WhiteElo "2703"]
[BlackElo "1947"]
[WhiteTeam "Decade China Team"]
[BlackTeam "Chess Dream"]
[WhiteFideId "8603820"]
[BlackFideId "4193750"]
[EventDate "2024.08.05"]

1. e4 e6 2. d4 d5 3. Nc3 Bb4 4. e5 c5 5. Bd2 cxd4 6. Nb5 Be7 7. Qg4 g6 8. Nxd4
Nc6 9. Ngf3 Qb6 10. Bc3 Bb4 11. Bb5 Bxc3+ 12. bxc3 Ne7 13. O-O Bd7 14. Rab1 Qc7
15. Bxc6 Nxc6 16. Qf4 a6 17. h4 Nxd4 18. cxd4 Bc6 19. Qf6 Rg8 20. Rb3 Qe7 21.
Rfb1 Qxf6 22. exf6 Kd7 23. Ne5+ Kd6 24. Rxb7 Bxb7 25. Rxb7 Rgf8 26. Rd7# 1-0

[Event "FIDE World Bl Team Pool C"]
[Site "Almaty KAZ"]
[Date "2024.08.05"]
[Round "7.12"]
[White "Kabylbek, Yedil"]
[Black "Musauly, Nurali"]
[Result "1/2-1/2"]
[WhiteElo "1857"]
[BlackElo "1816"]
[WhiteTeam "Greco"]
[BlackTeam "FIDE Management Board"]
[WhiteFideId "13744658"]
[BlackFideId "447000678"]
[EventDate "2024.08.05"]

1. d4 d5 2. Nc3 Nf6 3. Bf4 c5 4. e3 cxd4 5. exd4 a6 6. Nf3 Nc6 7. Ne5 Qb6 8.
Nxc6 bxc6 9. Na4 Qd8 10. c3 e6 11. Bd3 Bd6 12. Bxd6 Qxd6 13. Qe2 a5 14. O-O O-O
15. f4 Nd7 16. Rf3 g6 17. Raf1 Rb8 18. Rh3 c5 19. Qf2 cxd4 20. Qxd4 e5 21. fxe5
Qxe5 22. Rh4 Bb7 23. Qxe5 Nxe5 24. Rd4 Rbc8 25. Nb6 Rcd8 26. Re1 f6 27. Bf1 Kg7
28. Na4 Rc8 29. Nb6 Rcd8 30. Red1 Rfe8 31. Nxd5 Nc6 32. R4d2 Re5 33. Nf4 Rxd2
34. Rxd2 g5 35. Nd3 Re7 36. Nc5 Bc8 37. Bb5 Ne5 38. Rd8 Bf5 39. h3 g4 40. hxg4
Nxg4 41. Rd1 h5 42. a4 h4 43. Bd3 Bc8 44. Rf1 Ne5 45. Be2 Rc7 46. Nd3 Nc4 47.
Bf3 Bf5 48. Rd1 Bxd3 49. Rxd3 Nxb2 50. Rd4 Rxc3 51. Rxh4 Ra3 52. Rd4 Rxa4 53.
Rd7+ Kh6 54. Ra7 Ra1+ 55. Kh2 a4 56. Bd5 a3 57. Ra6 Kg5 58. Kg3 Nd3 59. Be4 Ne5
60. Bd5 Rd1 61. Bg8 Rd3+ 62. Kf2 Rc3 63. Ra5 Kf4 64. g3+ Kg5 65. Kg2 Kh6 66. Be6
Nd3 67. Bf5 Nb2 68. Be6 Nd1 69. Bf5 Ne3+ 70. Kf2 Nc4 71. Ra8 Kg5 72. Be6 Ne5 73.
Ra5 Rc2+ 74. Ke3 Rc3+ 75. Kf2 Rf3+ 76. Kg2 Rc3 77. Kf2 Kh6 78. Ra6 Nd3+ 79. Kg2
Nc5 80. Rb6 Ne4 81. g4 Kg5 82. Ra6 Nd2 83. Ra5+ Kh6 84. Bg8 Nc4 85. Bxc4 Rxc4
86. Rxa3 Rxg4+ 87. Rg3 Rf4 88. Rh3+ Kg5 89. Rg3+ 1/2-1/2